000 00513cam a22002171 4500
001 sa 68000328
003 DLC
005 20260227112422.0
008 950221s1966 ii 000 1 tamo
010 _asa 68000328
025 _aPL480:I-T-1425
035 _a(OCoLC)32029538
040 _aDLC
_cCU
_dCU
_dDLC
042 _apremarc
050 0 0 _aPL4758.9.M78
_bP3
100 1 _aMurthy, V. K.,
_d1926-
245 1 0 _aPāmin̲ip pāvai.
260 _c[1966]
300 _a380 p.
_c19 cm.
500 _aIn Tamil.
999 _c77129
_d77129